| 000 | 01096nam a2200265 i 4500 | ||
|---|---|---|---|
| 001 | 78815 | ||
| 003 | ES-MaACL | ||
| 005 | 20250728095942.0 | ||
| 007 | t| | ||
| 008 | 041018s1947 ag ||||1| spa d | ||
| 100 | 1 |
_aHayes, Herbert Kendall. _962195 |
|
| 245 | 1 | 0 |
_aMétodos fitotécnicos _b: procedimientos científicos para mejorar las plantas cultivadas / _cpor Herbert Kendall Hayes y Forrest Rhimehart Immer ; traducido del inglés por Antonio E. Marino ; prólogo especial para esta edición por Salomón Horovitz. |
| 250 | _a2ª ed. | ||
| 260 |
_aBuenos Aires : _bAcme Agency, _c1947 ( _fCía. Gral. Fabril Financiera) |
||
| 300 |
_aXXVIII, 521 p. : _bil. ; _c23 cm. |
||
| 490 | 1 | _aCiencias biológicas y agronómicas | |
| 650 | 7 |
_aTécnicas agrícolas _2embne _9155853 |
|
| 650 |
_aPlantas- _xMejora genética. _916115 |
||
| 700 | 1 |
_aImmer, Forrest Rhimehart. _965222 |
|
| 700 | 1 |
_aMarino, Antonio E. _976851 |
|
| 700 | 1 |
_aHorovitz, Salomón. _964237 |
|
| 830 | 1 |
_aCiencias biológicas y agronómicas _9231410 |
|
| 852 |
_aES-MaACL _jD-6675 |
||
| 999 |
_c78815 _d78815 |
||